Online
Catalog

El fin de la espera / (Record no. 50069)

MARC details
000 -CABECERA
campo de control de longitud fija 02061nam a22003497a 4500
003 - IDENTIFICADOR DEL NÚMERO DE CONTROL
campo de control DO-SdBNP
005 - FECHA Y HORA DE LA ÚLTIMA TRANSACCIÓN
campo de control 20211026145823.0
007 - CAMPO FIJO DE DESCRIPCIÓN FÍSICA--INFORMACIÓN GENERAL
campo de control de longitud fija ta
008 - DATOS DE LONGITUD FIJA--INFORMACIÓN GENERAL
campo de control de longitud fija 210708e2018 dr ||||er|||| 00| pdspa d
020 ## - NÚMERO INTERNACIONAL ESTÁNDAR DEL LIBRO
Número Internacional Estándar del Libro 9789945890068
040 ## - FUENTE DE LA CATALOGACIÓN
Centro catalogador/agencia de origen DO-SdBNP
Lengua de catalogación spa
Centro/agencia transcriptor BNPHU
041 ## - CÓDIGO DE LENGUA
Código de lengua original spa
082 #4 - NÚMERO DE LA CLASIFICACIÓN DECIMAL DEWEY
Número de clasificación RD861.08
Número de documento/Ítem D812f 2018
Número de edición 22
100 1# - ENTRADA PRINCIPAL--NOMBRE DE PERSONA
Nombre de persona Duarte Camilo, Ismael,
Fechas asociadas al nombre 1925-
9 (RLIN) 79141
245 13 - MENCIÓN DE TÍTULO
Título El fin de la espera /
Mención de responsabilidad, etc. Ismael Durte Camilo Augusto Daurte Camilo, Fara Emilia Duarte ; edición y prólogo Fari Rosario.
250 ## - MENCIÓN DE EDICIÓN
Mención de edición 2a. ed.
260 ## - PUBLICACIÓN, DISTRIBUCIÓN, ETC.
Lugar de publicación, distribución, etc. Santo Domingo :
Nombre del editor, distribuidor, etc. Flor de Tierra,
Fecha de publicación, distribución, etc. 2018.
300 ## - DESCRIPCIÓN FÍSICA
Extensión 72 p. ;
Dimensiones 22 cm.
500 ## - NOTA GENERAL
Nota general Poemario de la familia Duarte.
500 ## - NOTA GENERAL
Nota general Incluye datos biográficos de los autores en solapas de la cubierta.
505 00 - NOTA DE CONTENIDO CON FORMATO
Información miscelánea Primera parte.
Título Poemas de Ismael Duarte.--
-- Tu partida.--
-- El espejo de tu cara.--
-- Perdóname.--
-- El último adiós.--
-- Un paraíso olvidado.--
-- Madre.--
-- Canto a Laguna de Coto.--
-- Mi hermana preferida.--
-- Adela Duarte (acróstico).--
-- Poema a Indhira Daurte.--
-- Matthew.--
-- Catalina (acróstico).--
-- Felicidad (dedicada a la señora Amarante).--
-- Sueño.--
-- Traición
-- Nairovy (acróstico).--
-- El poder.--
-- El lamento de una madre.--
-- Igualdad.--
-- verdades.--
-- Lotería.--
-- !E' p'alante que vamos¡.--
-- Los banqueros.--
-- La heroína de Connecticut (acróstico).--
-- Sonia Silvestre.--
-- alci de la Rpsa (acróstico).--
-- Cobardía.--
-- Mi último poema.
505 00 - NOTA DE CONTENIDO CON FORMATO
Información miscelánea Segunda parte.
Título Poemas de Augusto Duarte.--
-- Sendas sin destino.--
-- Domingo triste.--
-- Lágrimas.--
-- Ocaso.--
-- Tú.--
-- El lamento de un amor.--
-- Espesa sombra.--
-- Deseo de amarte.--
-- Yo soy.--
-- Despojo.
505 00 - NOTA DE CONTENIDO CON FORMATO
Nota de contenido con formato Tercera parte.
Título Poema de Fara Duarte.--
-- Incondicional.
590 ## - NOTA LOCAL (RLIN)
Nota local Inventariado 2021 / MF
650 #4 - PUNTO DE ACCESO ADICIONAL DE MATERIA--TÉRMINO DE MATERIA
Término de materia o nombre geográfico como elemento de entrada Poesía dominicana
9 (RLIN) 80353
650 #4 - PUNTO DE ACCESO ADICIONAL DE MATERIA--TÉRMINO DE MATERIA
Término de materia o nombre geográfico como elemento de entrada Literatura dominicana
9 (RLIN) 80354
700 1# - PUNTO DE ACCESO ADICIONAL--NOMBRE DE PERSONA
Nombre de persona Duarte Camilo, Augusto
9 (RLIN) 80348
Fechas asociadas al nombre 1925-
700 1# - PUNTO DE ACCESO ADICIONAL--NOMBRE DE PERSONA
Nombre de persona Duarte, Fara Emilia
9 (RLIN) 80349
700 1# - PUNTO DE ACCESO ADICIONAL--NOMBRE DE PERSONA
9 (RLIN) 14871
Nombre de persona Rosario, Fari,
Fechas asociadas al nombre 1981-
Término indicativo de función/relación edición y prólogo
910 ## - DATOS DE OPCIÓN DEL USUARIO (OCLC)
Datos de opción del usuario Validado. Control de calidad MFF
942 ## - ELEMENTOS DE PUNTO DE ACCESO ADICIONAL (KOHA)
Fuente del sistema de clasificación o colocación Dewey Decimal Classification
Tipo de ítem Koha Libro
Holdings
Estado de retiro Estado de pérdida Fuente del sistema de clasificación o colocación Restricciones de uso No para préstamo Código de colección Localización permanente Ubicación/localización actual Ubicación en estantería Fecha de adquisición Fuente de adquisición Total de préstamos Signatura topográfica completa Código de barras Fecha visto por última vez Precio válido a partir de Tipo de ítem Koha Número de copia
    Dewey Decimal Classification Préstamo en sala   Dominicana de Servicio Biblioteca Nacional Pedro Henríquez Ureña Dominicana Depósito 29.06.118 Donado por Editora Búho   BNPHU DS RD861.08 D812f 2018 2021-2466 08.07.2021 08.07.2021 Libro y Folleto Colección Dominicana de Servicio e.3
    Dewey Decimal Classification Excluido de préstamo   Patrimonio Dominicano Biblioteca Nacional Pedro Henríquez Ureña Patrimonio Dominicano Depósito 29.06.2018 Donado por Editora Búho   BNPHU PD RD861.08 D812f 2018 2021-2464 08.07.2021 08.07.2021 Libro y Folleto Colección Patrimonio Dominicano  
    Dewey Decimal Classification Excluido de préstamo   Patrimonio Dominicano Biblioteca Nacional Pedro Henríquez Ureña Patrimonio Dominicano Depósito 29.06.2018 Donado por Editora Búho   BNPHU PD RD861.08 D812f 2018 2021-2465 08.07.2021 08.07.2021 Libro y Folleto Colección Patrimonio Dominicano e.2

Powered by Koha